00673nam a2200205Ii 45000010005000000030008000050050017000130080041000300350014000710400029000850410008001140820021001221000030001432450061001732600074002343000027003085040053003356500046003887000033004347123BD-RjUL20211208234352.0130114m19631929enk b 00110 eng d a(BD-RjUL) aWELcWELdm.c.dBOSbeng aeng a354.42bWEP 19631 aWebb, Sidney,d1859-1947.10aEnglish local government /cby Sidney and Beatrice Webb. aLondon ;aNew York :bLongmans, Green and Co.,c1906 [Reprinted 1963] axxxiv ,664 p.:c23 cm. aIncludes bibliographical references and indexes. 0aLocal governmentzGreat BritainxHistory.1 aWebb, Beatrice, d1858-1943.